000 00646nam a2200205Ii 4500
003 JO-AjNU
008 230606s9999||||xx |||||||||||||| ||und||
020 _a0-536-00698-9
040 _aJO-AjNU
_beng
_erda
_cJO-AjNU
041 _aeng
050 1 4 _aE138.7.S74 1972
100 3 _aStrauss, Patrick,
_eauthor
_95588
245 0 0 _aIsolation and Involvement: An Interpretive History of American Diplomacy
264 3 1 _aToronto: Xerox College Publishing, 1972
300 _a343P
336 _atext
_btxt
_2rdacontent
337 _aunmediated
_bn
_2rdamedia
338 _avolume
_bnc
_2rdacarrier
650 4 _aUnited States- Foreign Relations
_95589
999 _aE2892
_c2890
_d2890